000 005030000a22001570004500
003 MACL
005 20180119172044.0
008 180119b xxu||||| |||| 00| 0 eng d
040 _cmacl
100 _aगाध्‍ाी,मोहनदास करमचन्‍द्र
_970139
245 _aआत्‍मकथा
260 _aदिल्‍ली
_bराधारानी प्रकाशन
_c2009
350 _a350
650 _aजीवनी
_97943
942 _cHIN
_k920/GAN
_2ddc
999 _c48129
_d48129